Central Library OPAC University of Rajshahi

Bismarck and the German Empire, 1871-1918 / (Record no. 25079)

MARC details
000 -LEADER
fixed length control field 01023nam a2200301 a 4500
001 - CONTROL NUMBER
control field 25079
003 - CONTROL NUMBER IDENTIFIER
rucl marc code BD-RjUL
005 - DATE AND TIME OF LATEST TRANSACTION
control field 20211209050828.0
008 - FIXED-LENGTH DATA ELEMENTS--GENERAL INFORMATION
fixed length control field 140316s1995 enkb b 000 0beng
020 ## - INTERNATIONAL STANDARD BOOK NUMBER
International Standard Book Number 0415077818 :
035 ## - SYSTEM CONTROL NUMBER
System control number (BD-RjUL)25148
040 ## - CATALOGING SOURCE
Original cataloging agency DLC
Transcribing agency DLC
Modifying agency DLC
Language of cataloging eng
041 ## - LANGUAGE CODE
Language code of text/sound track or separate title eng
082 00 - DEWEY DECIMAL CLASSIFICATION NUMBER
Classification number 943.08092
Edition number 20
Author mark and year ABB 1995
100 1# - MAIN ENTRY--PERSONAL NAME
Personal name Abrams, Lynn.
9 (RLIN) 77154
245 10 - TITLE STATEMENT
Title Bismarck and the German Empire, 1871-1918 /
Statement of responsibility, etc. Lynn Abrams.
260 ## - PUBLICATION, DISTRIBUTION, ETC. (IMPRINT)
Place of publication, distribution, etc. London ;
-- New York :
Name of publisher, distributor, etc. Routledge,
Date of publication, distribution, etc. c1995.
300 ## - PHYSICAL DESCRIPTION
Pagination xiv, 75 p. :
Illustrations ill., map ;
Size 22 cm.
504 ## - BIBLIOGRAPHY, ETC. NOTE
Bibliography, etc Includes bibliographical references (p. 73-75).
600 10 - SUBJECT ADDED ENTRY--PERSONAL NAME
Personal name Bismarck, Otto,
Titles and other words associated with a name Fรผrst von,
Dates associated with a name 1815-1898.
650 #0 - SUBJECT ADDED ENTRY--TOPICAL TERM
Topical term or geographic name as entry element Statesmen
Geographic subdivision Germany
General subdivision Biography.
9 (RLIN) 77157
651 #0 - SUBJECT ADDED ENTRY--GEOGRAPHIC NAME
Geographic name Germany
General subdivision Politics and government
Chronological subdivision 1871-1918.
9 (RLIN) 77158
856 42 - ELECTRONIC LOCATION AND ACCESS
Materials specified Publisher description
Uniform Resource Identifier <a href="http://www.loc.gov/catdir/enhancements/fy0648/94022013-d.html">http://www.loc.gov/catdir/enhancements/fy0648/94022013-d.html</a>
942 ## - ADDED ENTRY ELEMENTS (KOHA)
Source of classification or shelving scheme Dewey Decimal Classification
Koha item type Books
Holdings
Lost status Source of classification or shelving scheme Damaged status Not for loan Collection code Permanent Location Current Location Shelving location Date acquired Source of acquisition Cost, normal purchase price Total Checkouts Full call number Date last seen Copy number Koha item type
  Dewey Decimal Classification   Added to bundle Non-fiction Central Library, University of Rajshahi Central Library, University of Rajshahi Reading Room 16/08/1997 Dhaka, Paragon int. Ltd. 5.25   943.08092 ABB 1995 16/03/2014 C-1 Books
  Dewey Decimal Classification     Non-fiction Central Library, University of Rajshahi Central Library, University of Rajshahi   16/08/1997 Dhaka, Paragon int. Ltd. 5.25   943.08092 ABB 1995 16/03/2014 C-2 Books